Statistics for Progressively Harder Geography on A Map

Click here to take the quiz!

General Stats

  • This quiz has been taken 76,278 times
  • The average score is 40 of 100

Answers on the Map

Answers color-coded by a green-red scale on the quiz's map according to % correct below.
 

Answer Stats

%Place% Correct
100%London
99%
98%Greenland
95%
97%Moscow
94%
96%Texas
94%
94%Brazil
93%
99%Sahara Desert
93%
95%Mississippi River
90%
92%Tokyo
90%
88%Egypt
88%
89%Korean Peninsula
87%
90%Scotland
87%
93%Alps
84%
82%Poland
80%
91%Red Sea
78%
87%Shanghai
78%
84%Arabian Peninsula
73%
74%Indonesia
73%
81%Ankara
72%
83%North Carolina
71%
86%Corsica
70%
78%Tasmania
69%
71%Warsaw
69%
76%Hong Kong
66%
85%Lake Superior
64%
77%Danube River
63%
62%Syria
62%
67%Buenos Aires
61%
70%Kansas
61%
80%Normandy
61%
56%Taiwan
60%
51%Guatemala
56%
72%Baja California Peninsula
55%
73%Beirut
55%
69%Bay of Bengal
52%
75%Kinshasa
52%
46%Tanzania
52%
79%Gobi Desert
51%
54%Riga
51%
38%Lesotho
50%
68%Appalachian Mountains
48%
58%Lagos
48%
65%Niger River
47%
61%Bermuda
46%
60%Irish Sea
45%
59%Hokkaido
44%
45%Kathmandu
44%
66%Lake Baikal
44%
63%Antananarivo
42%
55%Caucasus Mountains
41%
23%Sao Tome & Principe
40%
30%Tonga
37%
53%Ohio River
33%
50%East China Sea
32%
32%Kaliningrad
31%
48%Kalahari Desert
30%
57%Wallonia
30%
47%Blue Nile River
28%
42%Kamchatka Peninsula
28%
44%Norwegian Sea
28%
49%Sevastopol
28%
52%Lake Titicaca
25%
41%Lusaka
25%
64%Uttar Pradesh
25%
27%Thimphu
23%
43%Sierra Nevada Mountains
22%
35%Carpathian Mountains
21%
39%Mozambique Channel
21%
34%Labrador Peninsula
19%
24%Sakhalin
16%
26%Strait of Malacca
16%
37%Barranquilla
15%
40%Emilia-Romagna
15%
33%Great Slave Lake
15%
36%Murray River
15%
28%Guangdong
12%
29%Lena River
12%
31%Mandalay
12%
17%Funafuti
10%
20%Solomon Sea
9%
25%Ural River
9%
18%Great Dividing Range
8%
19%Lake Ladoga
8%
22%La Rioja
8%
21%Qom
8%
15%Cape York Peninsula
7%
16%Limpopo River
6%
14%Banks Island
5%
13%Angeles
4%
12%Lake Balkhash
4%
10%Syr Darya River
4%
7%Amhara
3%
11%Piaui
3%
9%Strait of Makassar
3%
6%Gulf of Anadyr
2%
3%Helmand River
2%
5%Narmada River
2%
8%Pamir Mountains
2%
2%Dashoguz
1%
4%Hechuan
1%
1%Jinotega
1%

Score Distribution

Percentile by Number Answered

Percent of People with Each Score

Your Score History

You have not taken this quiz